00750pam a2200229 a 4500999001500000001000500015003000900020005001700029008004100046010001700087020001500104040002300119082001800142100002000160245006700180260003100247300004600278504005100324650001700375942001200392952011600404 c4127d41274301BD-DhUAP20201102101700.0200102s1997 nyua b 001 0 eng  a 97018910  a0471191019 aDLCcDLCdBD-DhUAP00a512.1 FAN2231 aFanchi, John R.10aMath refresher for scientists and engineers /cJohn R. Fanchi. aNew York :bWiley,cc1997. axii, 259 pages :billustrations ;c24 cm. aIncludes bibliographical references and index. 0aMathematics. 2ddccBK 00102ddc4070aUAPCLbUAPCLcGeneral Stacksd2020-11-02o512.1 FANp3010004301r2020-11-02t1w2020-11-02yBK